| 000 | 00478nam a22001697a 4500 | ||
|---|---|---|---|
| 005 | 20250324123451.0 | ||
| 008 | 250324b |||||||| |||| 00| 0 eng d | ||
| 020 | _a9781506302935 | ||
| 041 | _aEng. | ||
| 082 | _a658.5 VEN | ||
| 100 | _aVenkataraman, Ray R. | ||
| 245 | _aOperations Management: Managing Global Supply Chains | ||
| 260 |
_aLos Angeles _bSage Publication _c2020 |
||
| 300 | _a1016;, P. 28 cm | ||
| 650 | _aBusiness Logistics; Project Management | ||
| 942 | _cBK | ||
| 999 |
_c43358 _d43358 |
||